000 00749nam a2200241Ia 4500
003 GCL
008 140319s9999 xx 000 0 ara d
020 _a37509977
040 _aGCL /
_cGCL
082 0 4 _a070.172
_bش أ
100 1 _aشريف درويش اللبان
245 1 0 _aالالوان فى الصحافة المصرية /
_cشريف درويش اللبان
250 _aالاولى
260 _aالقاهرة :
_bالعربى للنشر والتوزيع ،
_c1996
300 _a262 ص:
_bايض ؛
_c24 سم
490 _a
650 0 4 _aالصحافة
650 0 4 _aالالوان
650 0 4 _aالمطابع
650 0 4 _aالالوان، فصل
650 0 4 _aالالوان فى الاعلانات
942 _2ddc
_cBK
999 _c41597
_d41597